000 01050nam a22003257a 4500
001 BR7804528
003 BR-BrBNA
005 20230928085651.0
007 ta
008 230509b bl.||||| |||| 00| 0 por d
040 _aBR-BrBNA
_bpor
_cBiblioteca Nacional de Agricultura
041 _a(Por)
072 _aF00; P05
_b1540
_b0240
_b0316
_b8961
_b/G514
090 _ 1540 BR7804528
110 1 _aEmpresa Brasileira de Pesquisa Agropecuaria, Brasilia, DF
_93834
245 1 _aConsideracoes sobre o Programa Nacional de Pesquisas Agricolas em Mandioca, Sorgo Sacarino e Babacu para Producao de Alcool Carburante [Manihot esculenta; Sorghum spp; Orbygnia martiana; Brasil]
260 3 _aBrasilia, DF (Brasil):
_c[nd].
300 _a39 p.
500 _aPublished after 1977
650 _aProducao vegetal
650 _aRecurso energetico
650 _aMandioca
650 _aSorgo
650 _aBabacu
650 _aAlcool
650 _aPratica cultural
650 _aCombustivel
909 _a202309
_bLucia
_c55
_dLucia Elande
942 _cBK
999 _c25677
_d25677